000 00336nam a2200133Ia 4500
008 240624s9999 xx 000 0 und d
041 _aeng
082 _a200 SHO
100 _aSHOURIE ARUN
245 _aWORLD OF FATWARS OR THE SHARIAH IN ACTIO
260 _c2002
_aNew Delhi
_bRupa and Company
300 _a696 : p.
365 _cRS
_b25
999 _c17635
_d17635